Metallica Lyrics – #27: Eye of the Beholder - Statistics

General Stats
  • This quiz has been taken 16 times
  • The average score is 137 of 242
Answer Stats
Answer % Correct
for
100%
I
100%
you
100%
You
100%
you,
100%
a
86%
are
86%
Do
86%
do
86%
hear
86%
hear?
86%
is
86%
of
86%
see
86%
see?
86%
the
86%
they
86%
what
86%
Who
86%
an
71%
bend
71%
choice
71%
Doors
71%
Freedom
71%
friend
71%
independence,
71%
Independence
71%
Limit
71%
limited
71%
made
71%
my
71%
shut
71%
slamming
71%
speech
71%
that
71%
word
71%
can
57%
feel
57%
feel?
57%
how
57%
imagination,
57%
it
57%
just
57%
no
57%
own
57%
say
57%
way
57%
will
57%
words
57%
Your
57%
your
57%
and
43%
confidence
43%
frees
43%
If
43%
it's
43%
keep
43%
longer
43%
matter
43%
me
43%
Me,
43%
must
43%
Or
43%
silence
43%
their
43%
Truth
43%
Doesn't
29%
done
29%
Endurance
29%
exception
29%
fear
29%
fear?
29%
from
29%
hunger
29%
into
29%
know
29%
know?
29%
More
29%
myself
29%
read
29%
take
29%
take?
29%
to
29%
trust
29%
trust?
29%
want
29%
want?
29%
where
29%
with
29%
yourself
29%
absurd
14%
after
14%
back
14%
Boundaries
14%
choose
14%
choose?
14%
Desire
14%
distress
14%
express?
14%
forward
14%
instead
14%
lie
14%
Living
14%
money
14%
Moving
14%
need
14%
negative
14%
not
14%
Penetrate
14%
seems
14%
selfish
14%
through
14%
wealth
14%
alternatives
0%
Bittering
0%
both
0%
decides
0%
derives
0%
each
0%
Energy
0%
freedom's
0%
his
0%
inside,
0%
lengthen
0%
lies
0%
Look
0%
offense
0%
overthrown
0%
plus
0%
properly
0%
ring
0%
screen,
0%
smoke
0%
thing
0%
Truths
0%
No matching quizzes found
Score Distribution
Percent of People with Each Score
Percentile by Number Answered
Your Score History
You have not taken this quiz